000 00811nam a22002297a 4500
005 20240530110921.0
008 220221s2008 ua a g b 000 0 ara d
017 _a2008/1726
020 _a9774220846
040 _aEG-CaGPL
_cEG-CaGPL
082 0 4 _221
_a343.09944 \
_bخ ا
100 0 _aخالد ممدوح ابراهيم
245 1 0 _aامن المستندات الالكترونية /
_cخالد ممدوح ابراهيم
250 _aط.1
260 _aالاسكندرية :
_bالدار الجامعية،
_c2008
300 _a190 ص؛
_c24 سم
650 0 7 _aالمعاملات الالكترونية
_2qrmak
650 0 7 _aالبريد الالكترونى
_2qrmak
650 0 7 _aالعقود الالكترونية
_2qrmak
942 _2ddc
_cBK
999 _c66479
_d66479